| 000 | 01120nam a2200289Ia 4500 | ||
|---|---|---|---|
| 003 | OSt | ||
| 005 | 20220930084819.0 | ||
| 006 | a|||||r|||| 00| 0 | ||
| 007 | ta | ||
| 008 | 220926b |||||||| |||| 00| 0 eng d | ||
| 024 | _a86104 | ||
| 037 | _cTheses | ||
| 040 |
_aCRL _cCRL _beng |
||
| 041 |
_2eng _aeng |
||
| 100 |
_aGautam Shalini _9538507 |
||
| 110 | _aUniversity of Delhi. Faculty of Medical Sciences. Department of Obstetrics and Gynaecology | ||
| 245 | 0 |
_aProspective randomised study on desogestrel pill _b Its effect on ovulation, cervical mucus, metabolic parameters, breast milk and infant growth |
|
| 260 | _c2006 | ||
| 650 | _aWOMEN - DISEASES | ||
| 700 |
_a Dr. M. M. A. Faridi Gu. _9532685 |
||
| 700 |
_a Dr. Meera Sikka Gu. _9538508 |
||
| 700 |
_a Dr. Neeja Goel Gu. _9538509 |
||
| 700 |
_a Dr. Shalini Rajaram Gu. _9533710 |
||
| 700 | _aUniversity of Delhi. Faculty of Medical Sciences. Department of Obstetrics and Gynaecology | ||
| 942 |
_cDIS _2CC |
||
| 999 |
_c877815 _d877815 |
||